Brawl Stars: Gale Skins by Picture - Statistics

General Stats
  • This quiz has been taken 36 times
    10 since last reset
  • The average score is 8 of 10
Answer Stats
Picture Answer % Correct
Nutcracker Gale
100%
Squeakbuster Gale
100%
True Gold Gale
100%
True Silver Gale
100%
Galactic Gale
75%
Merchant Gale
75%
Shell Blaster Gale
75%
Steampunk Gale
75%
Dapper Gale
38%
Fancy Man Gale
38%
No matching quizzes found
Score Distribution
Percent of People with Each Score
Percentile by Number Answered
Your Score History
You have not taken this quiz since the last reset